00570nam a2200193 a 4500001001300000003000900013005001700022008004100039020001000080082001700090100002000107245008000127260005500207300000900262500003500271505001000306650004000316700002000356nice12345678IN_TiNIC20260116013015.0050524s1987 alta grp 000 0 fre  ac10000a291.172bLEV aLevart, Jacques aUne Experience De Dialogue, Les Centres D`Etude Chretiens En Monde Musulman aAltenbergebChristlich-Islamisches Schriftumc1987 a392p aincludes index and biblioraphy2 aIndex aInterfaith Dialogue-Christian Musli1 aLevart, Jacques